000 00315nam a22001337a 4500
003 SGT
082 _a923.154
_bI85T
100 _aTANDAN, P.D
245 _aINDIRA JI:PATRO AUR MULAKATO KE AAINE ME
260 _aINDIA
_bRAJPAL AND SANS
_c1985
300 _a119
650 _aPRIME MINISTER OF INDIA
942 _2ddc
_cBK
999 _c25870
_d25870